Santiago de memoria

Guardado en:
Detalles Bibliográficos
Autor principal: Merino, Roberto (autor)
Formato: Libro
Lenguaje:español
Publicado: Santiago Planeta 1997
Edición:1a. ed
Colección:Memoria de Chile. Ciudades
Materias:
Etiquetas: Agregar Etiqueta
Sin Etiquetas, Sea el primero en etiquetar este registro!

MARC

LEADER 00000cam a2200000 a 4500
001 UCG7926
003 CL-VaPUC
008 111028e19970000CL |||||||||||||||||spa|d
020 |a 9562471853 
082 0 4 |a 863  |b MER  |2 21 
100 |a Merino, Roberto  |e autor  |9 559759 
245 1 0 |a Santiago de memoria 
250 |a 1a. ed 
300 |a 231 p 
942 |c BK 
945 |d 20111028 00:00:00  |a cmena 
260 |a Santiago  |b Planeta  |c 1997 
650 0 |a Crónicas chilenas  |9 321511 
650 0 |a Literatura chilena   |9 308278 
583 |a last modification  |c 20111028 11:35:00  |k Rodrigo Vera 
490 0 |a Memoria de Chile. Ciudades 
999 |c 345614  |d 345612 
952 |0 0  |1 0  |4 0  |6 863_000000000000000_MER_1997  |7 0  |8 C  |9 444542  |a BIBCUR  |b BIBCUR  |d 2019-11-22  |i 4793021  |o 863 MER 1997  |p 4793021  |r 2025-04-22  |w 2019-11-22  |y BK  |k CAC